LEADER 01306nam a2200289 i 4500 001 000000156725 003 CaOOAMICUS 005 20061212000000.0 008 061212s1982 fr u000 u fre u 013 $a134080 020 $a2-204-01823-6 040 $aSeMil$bita 100 1 $aGrau, Marie-Danielle.$0(OLS)http://semarc/name/61225 245 10$aÉduquer :$btextes modernes pour une éducation de l'homme /$cMarie-Danielle Grau, Roger Texier ; Préface de Mgr Jean Honoré. 260 $aParis :$bLes Éditions du Cerf,$c1982. 300 $a214 p. ;$c20 cm. 500 $aContiene : Bibliographie. 650 4$aPersona - Educazione.$0(OLS)http://semarc/subject/5679 650 4$aTeologia e educazione.$0(OLS)http://semarc/subject/14626 700 1 $aHonoré, Jean .$0(OLS)http://semarc/name/15408 700 1 $aTexier, Roger.$0(OLS)http://semarc/name/61226 850 $aSeMil 852 $aSeMil$W1$xVenegono$y1$m2Q I 90$j108474$B108474$CSeMilBibl$Z2$F118969 $81 961 $aOmaggio: Martinelli don Romano 996 $6020$a2-204-01823-6$9(OLS)http://semarc/number/146929 996 $6245$aÉduquer :$btextes modernes pour une éducation de l'homme$9(OLS)http://semarc/title/229759 996 $6260$aParis :$bLes Éditions du Cerf$9(OLS)http://semarc/publisher/29611 LEADER 01227nam a2200241 4500 001 000000363702 003 CaOOAMICUS 005 20250725101635.0 008 250725s2007 it 000 u ita r 040 $aSeMil$bita 245 04$aGli archivi per la storia degli ordini religiosi /$ca cura di Massimo Carlo Giannini, Matteo Sanfilippo. 264 1$aViterbo :$bSette città,$c2007- 300 $av. ;$c22 cm 490 1 $aStudi di storia delle istituzioni ecclesiastiche ;$v1 650 4$aArchivi ecclesiastici - Archivi di ordini religiosi.$0(OLS)http://semarc/subject/58334 650 4$aOrdini religiosi - Storia - Fonti.$0(OLS)http://semarc/subject/58335 700 1 $aSanfilippo, Matteo,$d<1956- >.$0(OLS)http://semarc/name/28016 700 1 $aGiannini, Massimo Carlo,$d<1967- >.$0(OLS)http://semarc/name/87098 774 0 $t1: Fonti e problemi.$dViterbo : Sette città, 2007.$z978-88-7853-090-4$w()363703 830 0$aStudi di storia delle istituzioni ecclesiastiche ;$v1.$0(OLS)http://semarc/title/449169 996 $6245$aGli archivi per la storia degli ordini religiosi$9(OLS)http://semarc/title/455003 996 $6264$aViterbo :$bSette città$9(OLS)http://semarc/publisher/61814